000 00744cam a2200229 4500
008 090401t1988 xxu||||| |||| 00| 0 eng d
020 _a0729209415
035 _a(Sirsi) u13168
041 _aeng
050 _a690.52
110 _aCommercial Building Steering Group
_91657
245 _aFaster building for commerce
260 _aLondon
_bNational Economic Development Office
_c1988
300 _avi,144p. ; 30cm.
350 _a30
520 _aProduced for the Construction Industry Sector Group of NEDO 2 dials and booklet entitled Guidelines for Action in pocket inside back cover.
650 _aBUILDING INDUSTRY
650 _aBUILDING PROJECTS
650 _aPROPERTY-COMMERCIAL PROPERTY
942 _n0
948 _c04/03/1997
999 _c87067
_d87067